000 00709cam a2200181 a 4500
020 _a0872629317
082 0 0 _a628.15
_bPIP
245 0 0 _aPipeline design for water and wastewater
_cprepared by the Committee on Pipeline Planning of the Pipeline Division of the American Society of Civil Engineers.
260 _aNew York, N.Y. :
_bThe Society,
_cc1975.
300 _a123 p. :
_bill. ;
_c22 cm.
526 _a0
_b0
_c0
_d628_150000000000000_PIP
650 0 _aEarthquake resistant design.
_9652
650 0 _aMCE
_9379
650 0 _aSewer-pipe
_xDesign and construction.
_96042
650 0 _aWater-pipes
_xDesign and construction.
_944244
710 2 _aAmerican Society of Civil Engineers.
_9702
942 _2ddc
_cBK
999 _c548081
_d548081